000 01301nmc a2200433 a 4500
003 AR-BaBNM
005 20251128205513.0
008 011101s1996 ||||||||||||||000 | spa||
020 _a84-7827-096-5
040 _cAR-BaBNM
245 1 0 _aCómo trabajar los contenidos procedimentales en el aula
250 _a2ª ed.
260 _aBarcelona
_bGraó
_bUniversidad de Barcelona. Institut de Ciències de l'Educació
_c1996
300 _a219 p.
490 0 _aMateriales para la innovación educativa
_vv. 8
650 4 _aCIENCIAS NATURALES
650 4 _aMEDIO AMBIENTE
650 4 _aEDUCACION ARTISTICA
650 4 _aEDUCACION FISICA
650 4 _aENSENANZA DE LAS MATEMATICAS
650 4 _aTECNICAS DE ENSENANZA
650 4 _aACTIVIDADES DE APRENDIZAJE
651 4 _aEspaña
653 _aENSENANZA DE LA LENGUA
653 _aCONTENIDOS PROCEDIMENTALES
653 _aMAPAS CONCEPTUALES
700 1 _aZabala, Antoni
_ecoordinador
700 1 _aAlsina, Pep
700 1 _aBantulá, Jaume
700 1 _aCarranza Gil-Dolz del Castelar, Marta
700 1 _aDilmé, Dolors
700 1 _aForrellad, Missún
700 1 _aNoguerol, Artur
700 1 _aOró, Ignasi
700 1 _aRíos, Jaume
800 1 _aAntúnez, Serafín
_edirector
942 _cBK
998 _csilvi
999 _c11660
_d11660